10 Countries With The Most Chickens - Statistics

General Stats
  • This quiz has been taken 45 times
  • The average score is 7 of 10
Answer Stats
Rank Answer # Of Chickens % Correct
1. China 5.325 billion
93%
5. United States 1.577 billion
93%
7. India 1.018 billion
88%
9. Russia 621 million
88%
4. Brazil 1.887 billion
79%
8. Mexico 845 million
76%
2. Indonesia 5.217 billion
69%
3. Pakistan 3.702 billion
64%
10. Vietnam 499 million
52%
6. Iran 1.036 billion
40%
No matching quizzes found
Score Distribution
Percent of People with Each Score
Percentile by Number Answered
Your Score History
You have not taken this quiz